[Event "Steyr Landesliga 1617"]
[Site "Austria"]
[Date "2017.01.21"]
[Round "6.5"]
[White "Weiss, Leo"]
[Black "Loebler, Heimo"]
[Result "1-0"]
[WhiteElo "2120"]
[BlackElo "2174"]
[PlyCount "61"]
[EventDate "2016.10.01"]
[EventType "team-tourn"]
[EventRounds "11"]
[EventCountry "AUT"]
[SourceTitle "EXT 2018"]
[Source "ChessBase"]
[SourceDate "2017.10.13"]
[SourceVersion "1"]
[SourceVersionDate "2017.10.13"]
[SourceQuality "1"]
[WhiteTeam "Leibnitz"]
[BlackTeam "Gamlitz"]
[WhiteTeamCountry "AUT"]
[BlackTeamCountry "AUT"]

1. e4 c5 2. c3 e6 3. d4 d5 4. Nd2 cxd4 5. cxd4 Nc6 6. Ngf3 Nf6 7. e5 Nd7 8. Bd3 Qb6 9. 0-0 f6 10. Re1 fxe5 11. Nxe5 Nf6 12. Ndf3 Bb4 13. Re2 0-0 14. Bg5 Be7 15. Rc1 Kh8 16. Bb1 Qd8 17. Nxc6 bxc6 18. Ne5 Qe8 19. Rxc6 Qh5 20. h4 Rb8 21. Qc2 Ba3 22. b3 Ne4 23. g4 Qe8 24. f3 Bb7 25. fxe4 Bxc6 26. exd5 g6 27. dxc6 Bd6 28. h5 Bxe5 29. dxe5 Rb4 30. Re4 Qf7 31. Bf6+ 1-0

[Event "Steyr Landesliga 1415"]
[Site "Austria"]
[Date "2014.10.25"]
[Round "3.3"]
[White "Weiss, Leo"]
[Black "Fahrner, Kurt"]
[Result "0-1"]
[WhiteElo "2158"]
[BlackElo "2306"]
[PlyCount "80"]
[EventDate "2014.09.27"]
[EventType "team-tourn"]
[EventRounds "11"]
[EventCountry "AUT"]
[SourceTitle "EXT 2016"]
[Source "ChessBase"]
[SourceDate "2015.10.08"]
[SourceVersion "1"]
[SourceVersionDate "2015.10.08"]
[SourceQuality "1"]
[WhiteTeam "Leibnitz Software"]
[BlackTeam "Graz Austria"]
[WhiteTeamCountry "AUT"]
[BlackTeamCountry "AUT"]

1. e4 g6 2. d4 Bg7 3. Nc3 a6 4. a4 b6 5. f4 Bb7 6. Nf3 e6 7. Bd3 d5 8. exd5 exd5 9. 0-0 Nc6 10. f5 Nxd4 11. Ng5 Nh6 12. Qe1+ Qe7 13. fxg6 hxg6 14. Bf4 Qxe1 15. Raxe1+ Kd7 16. Nxf7 Nxf7 17. Bxc7 Nf5 18. Bxb6 N7d6 19. Ne2 Be5 20. Nf4 Bxf4 21. Rxf4 Rae8 22. Rxe8 Rxe8 23. h4 Re1+ 24. Kh2 Ne4 25. Rg4 Ne7 26. b4 Ke6 27. Rf4 Nf5 28. Rg4 Kf7 29. b5 axb5 30. Bxb5 d4 31. Bc4+ Ke7 32. Rf4 Neg3 33. Bc5+ Kd8 34. Bb6+ Ke8 35. Bb5+ Kf7 36. Kh3 Rh1+ 37. Kg4 Rxh4+ 38. Kg5 Rh5+ 39. Kg4 Rh4+ 40. Kg5 Ne4+ 0-1

[Event "Styrian op-A"]
[Site "Bad Gleichenberg"]
[Date "2014.07.08"]
[Round "4"]
[White "Weiss, Leo"]
[Black "Schachinger, Mario"]
[Result "0-1"]
[WhiteElo "2160"]
[BlackElo "2414"]
[PlyCount "52"]
[EventDate "2014.07.05"]
[EventType "swiss"]
[EventRounds "9"]
[EventCountry "AUT"]
[SourceTitle "CBM 161 Extra"]
[Source "ChessBase"]
[SourceDate "2014.08.29"]
[SourceVersion "1"]
[SourceVersionDate "2014.08.29"]
[SourceQuality "1"]

1. e4 c5 2. Nf3 e6 3. d4 cxd4 4. Nxd4 Nc6 5. Nc3 Qc7 6. Be3 a6 7. Nxc6 bxc6 8. Be2 Nf6 9. 0-0 d5 10. Bf3 Be7 11. Re1 0-0 12. exd5 cxd5 13. Bd4 Bb7 14. Qd2 Rfe8 15. h4 Nd7 16. h5 h6 17. Bg4 e5 18. Bxd7 exd4 19. Na4 Qxd7 20. Nb6 Qd6 21. Nxa8 Rxa8 22. Qxd4 Bf6 23. Qa4 Bc6 24. Qa5 Bxb2 25. Rab1 Bf6 26. Qb6 d4 0-1

[Event "Styrian op-A"]
[Site "Bad Gleichenberg"]
[Date "2013.07.06"]
[Round "1"]
[White "Perunovic, Milos"]
[Black "Weiss, Leo"]
[Result "1-0"]
[WhiteElo "2620"]
[BlackElo "2170"]
[PlyCount "60"]
[EventDate "2013.07.06"]
[EventType "swiss"]
[EventRounds "9"]
[EventCountry "AUT"]
[SourceTitle "CBM 155 Extra"]
[Source "ChessBase"]
[SourceDate "2013.08.26"]
[SourceVersion "1"]
[SourceVersionDate "2013.08.26"]
[SourceQuality "1"]

1. e4 c5 2. Nc3 Nc6 3. Bb5 g6 4. Bxc6 bxc6 5. d3 Bg7 6. f4 d5 7. Bd2 e5 8. fxe5 Bxe5 9. Nf3 Bg4 10. 0-0 Bd4+ 11. Kh1 Ne7 12. h3 h5 13. Na4 Qd6 14. Qe1 dxe4 15. Nxd4 cxd4 16. Bf4 Qd5 17. c4 dxc3 18. Nxc3 Qd4 19. Nxe4 0-0-0 20. Qa5 Qb6 21. Qxb6 axb6 22. Nd6+ Kd7 23. hxg4 hxg4+ 24. Kg1 Rh7 25. Ne4 Nd5 26. Bg5 Rdh8 27. Nf6+ Nxf6 28. Bxf6 Rh1+ 29. Kf2 Rxf1+ 30. Rxf1 Ra8 1-0

[Event "Steyr Landesliga 1213"]
[Site "Austria"]
[Date "2012.12.01"]
[Round "5.6"]
[White "Weiss, Leo"]
[Black "Strallhofer, Hermann"]
[Result "1/2-1/2"]
[WhiteElo "2157"]
[BlackElo "2110"]
[PlyCount "27"]
[EventDate "2012.09.22"]
[EventType "team-tourn"]
[EventRounds "11"]
[EventCountry "AUT"]
[SourceTitle "EXT 2014"]
[Source "ChessBase"]
[SourceDate "2013.11.20"]
[SourceVersion "1"]
[SourceVersionDate "2013.11.20"]
[SourceQuality "1"]
[WhiteTeam "Leibnitz"]
[BlackTeam "Leoben"]
[WhiteTeamCountry "AUT"]
[BlackTeamCountry "AUT"]

1. e4 c5 2. c3 d5 3. exd5 Qxd5 4. d4 Nf6 5. Nf3 Bg4 6. Be2 e6 7. 0-0 cxd4 8. cxd4 Nc6 9. Nc3 Qd8 10. Qb3 Qb6 11. Qa4 Qb4 12. Qxb4 Bxb4 13. a3 Be7 14. Be3 1/2-1/2

[Event "AUT-chT2M 0203"]
[Site "Austria"]
[Date "2002.10.11"]
[Round "8"]
[White "Weiss, Leo"]
[Black "Pilaj, Herwig"]
[Result "0-1"]
[WhiteElo "2207"]
[BlackElo "2360"]
[PlyCount "80"]
[EventDate "2002.10.11"]
[EventType "team"]
[EventRounds "11"]
[EventCountry "AUT"]
[SourceTitle "EXT 2004"]
[Source "ChessBase"]
[SourceDate "2003.11.25"]
[SourceVersion "1"]
[SourceVersionDate "2003.11.25"]
[SourceQuality "1"]

1. e4 c5 2. Nc3 Nc6 3. Nf3 d6 4. d4 cxd4 5. Nxd4 Nf6 6. Bc4 Qb6 7. Nxc6 bxc6 8. 0-0 g6 9. Bb3 Bg7 10. Be3 Qc7 11. h3 0-0 12. f4 e6 13. Qd2 d5 14. f5 exf5 15. exd5 cxd5 16. Nxd5 Nxd5 17. Bxd5 Bb7 18. Bxb7 Qxb7 19. c3 Rad8 20. Qf2 Rd7 21. Rad1 Rfd8 22. Rxd7 Rxd7 23. Bc5 h5 24. Qe2 Kh7 25. Re1 Qd5 26. Bf2 Qxa2 27. Qb5 Rd2 28. Re2 Rxe2 29. Qxe2 Bxc3 30. Qe7 Bxb2 31. Bxa7 Qa1+ 32. Kf2 Bd4+ 33. Bxd4 Qxd4+ 34. Kf1 Qd1+ 35. Kf2 Qd4+ 36. Kf1 Kg7 37. Qc7 f4 38. Qb8 Qd1+ 39. Kf2 Qd2+ 40. Kf1 Qd3+ 0-1

[Event "AUT-chT2S 9596"]
[Site "Austria"]
[Date "1995.??.??"]
[Round "?"]
[White "Loebler, Heimo"]
[Black "Weiss, Leo"]
[Result "1-0"]
[WhiteElo "2250"]
[BlackElo "2225"]
[PlyCount "71"]
[EventDate "1995.??.??"]
[EventType "team-tourn"]
[EventRounds "11"]
[EventCountry "AUT"]
[SourceTitle "EXT 1999"]
[Source "ChessBase"]
[SourceDate "1998.11.16"]
[SourceVersion "1"]
[SourceVersionDate "1998.11.16"]
[SourceQuality "1"]

1. d4 Nf6 2. c4 e6 3. Nc3 d5 4. cxd5 exd5 5. Bg5 c6 6. e3 Be7 7. Qc2 Bg4 8. Bd3 Bh5 9. Nh3 Bg6 10. Nf4 Bxd3 11. Nxd3 Nbd7 12. 0-0 0-0 13. b4 Ne4 14. Bf4 g5 15. Be5 f6 16. Bg3 h5 17. f3 Nxg3 18. hxg3 Rf7 19. b5 Bd6 20. bxc6 bxc6 21. f4 g4 22. Ne5 fxe5 23. fxe5 Qg5 24. Rxf7 Kxf7 25. exd6 Qxe3+ 26. Kh2 h4 27. Qh7+ Ke8 28. Qxh4 Qe6 29. Rf1 Qxd6 30. Re1+ Kf7 31. Qh7+ Kf8 32. Qh8+ Kf7 33. Qxa8 Qh6+ 34. Kg1 Nf6 35. Qb7+ Kg6 36. Qe7 1-0

[Event "AUT-chT2S 9495"]
[Site "Austria"]
[Date "1995.??.??"]
[Round "4"]
[White "Weiss, Leo"]
[Black "Singer, Richard"]
[Result "0-1"]
[WhiteElo "2245"]
[BlackElo "2130"]
[PlyCount "32"]
[EventDate "1994.??.??"]
[EventType "team"]
[EventRounds "11"]
[EventCountry "AUT"]
[SourceTitle "EXT 1998"]
[Source "ChessBase"]
[SourceDate "1997.11.17"]
[SourceVersion "1"]
[SourceVersionDate "1997.11.17"]
[SourceQuality "1"]

1. e4 g6 2. d4 Bg7 3. Nc3 d6 4. g3 Nc6 5. Be3 Nf6 6. h3 0-0 7. Nge2 e5 8. Bg2 exd4 9. Nxd4 Nxd4 10. Bxd4 Be6 11. 0-0 Qe7 12. Qd2 Rad8 13. Rad1 Rfe8 14. Kh2 h5 15. b3 h4 16. Qg5 Ng4+ 0-1

[Event "AUT-chT2S 9596"]
[Site "Austria"]
[Date "1995.??.??"]
[Round "?"]
[White "Weiss, Leo"]
[Black "Spindelboeck, Gernot"]
[Result "1/2-1/2"]
[WhiteElo "2225"]
[BlackElo "2200"]
[PlyCount "61"]
[EventDate "1995.??.??"]
[EventType "team-tourn"]
[EventRounds "11"]
[EventCountry "AUT"]
[SourceTitle "EXT 1999"]
[Source "ChessBase"]
[SourceDate "1998.11.16"]
[SourceVersion "1"]
[SourceVersionDate "1998.11.16"]
[SourceQuality "1"]

1. e4 e6 2. d4 d5 3. Nc3 Nf6 4. e5 Nfd7 5. f4 c5 6. Nf3 Nc6 7. Be2 cxd4 8. Nb5 Bb4+ 9. Kf1 0-0 10. Nbxd4 Be7 11. g3 Nc5 12. Kg2 f6 13. Be3 Bd7 14. Re1 Ne4 15. c4 fxe5 16. fxe5 Nxd4 17. Nxd4 Bc5 18. cxd5 exd5 19. Qb3 Kh8 20. Rad1 Bxd4 21. Bxd4 Qe7 22. Bf3 Qe6 23. Kg1 Qa6 24. Qe3 Qe6 25. Rf1 Bb5 26. Be2 Bxe2 27. Qxe2 h6 28. Rd3 Kg8 29. Rdf3 Rxf3 30. Rxf3 Rf8 31. Rxf8+ 1/2-1/2

[Event "AUT-chT2S 9495"]
[Site "Austria"]
[Date "1995.??.??"]
[Round "3"]
[White "Weiss, Leo"]
[Black "Thaler, Heimo"]
[Result "1/2-1/2"]
[WhiteElo "2245"]
[BlackElo "2175"]
[PlyCount "90"]
[EventDate "1994.??.??"]
[EventType "team"]
[EventRounds "11"]
[EventCountry "AUT"]
[SourceTitle "EXT 1998"]
[Source "ChessBase"]
[SourceDate "1997.11.17"]
[SourceVersion "1"]
[SourceVersionDate "1997.11.17"]
[SourceQuality "1"]

1. e4 e6 2. d4 d5 3. Nc3 Bb4 4. e5 c5 5. a3 Bxc3+ 6. bxc3 Ne7 7. f4 Qc7 8. Nf3 Bd7 9. Bd3 cxd4 10. cxd4 Nbc6 11. 0-0 Na5 12. Qe2 Rc8 13. Bd2 Nc4 14. Bb4 a5 15. Bxe7 Kxe7 16. Qf2 h6 17. Nh4 g6 18. g4 Nb2 19. f5 gxf5 20. gxf5 Nxd3 21. cxd3 Rhg8+ 22. Kh1 Qc2 23. f6+ Kd8 24. Qe3 Rc3 25. Rg1 Rh8 26. Rac1 Rxd3 27. Rxc2 Rxe3 28. Rg7 Rf8 29. Ra2 Rd3 30. Rg4 h5 31. Rg7 Bc6 32. Kg2 Rxd4 33. Nf3 Rf4 34. Kg3 Rc4 35. Ng5 Be8 36. Rb2 Kc8 37. Nxe6 fxe6 38. Rgxb7 Rc7 39. Rb8+ Kd7 40. R2b6 Rg8+ 41. Kf2 Rc2+ 42. Ke3 d4+ 43. Kxd4 Rg4+ 44. Ke3 Bg6 45. R8b7+ Kc8 1/2-1/2

[Event "AUT-chT2S 9394"]
[Site "Austria"]
[Date "1994.??.??"]
[Round "?"]
[White "Kaspret, Guido"]
[Black "Weiss, Leo"]
[Result "0-1"]
[WhiteElo "2315"]
[BlackElo "2190"]
[PlyCount "76"]
[EventDate "1993.??.??"]
[EventType "team"]
[EventRounds "11"]
[EventCountry "AUT"]
[SourceTitle "EXT 1998"]
[Source "ChessBase"]
[SourceDate "1997.11.17"]
[SourceVersion "1"]
[SourceVersionDate "1997.11.17"]
[SourceQuality "1"]

1. d4 Nf6 2. Nf3 g6 3. c4 Bg7 4. Nc3 d6 5. e4 c6 6. g3 Nbd7 7. Bg2 0-0 8. 0-0 Qc7 9. b3 Re8 10. Bb2 e5 11. d5 a6 12. Rc1 Nc5 13. Qc2 a5 14. Ne1 Bh6 15. Rd1 Bd7 16. Nd3 cxd5 17. Nxc5 dxc5 18. cxd5 b5 19. a4 b4 20. Nb1 Rac8 21. Nd2 Bxd2 22. Qxd2 c4 23. bxc4 Qxc4 24. f4 Nxe4 25. Qe3 Nc3 26. fxe5 Qc5 27. Rd4 Qxd4 28. Qxd4 Ne2+ 29. Kh1 Nxd4 30. Bxd4 Rc4 31. Bb2 Rc2 32. Bd4 Rec8 33. e6 fxe6 34. Bh3 Rc1 35. dxe6 Rxf1+ 36. Kg2 Rd1 37. exd7 Rc2+ 38. Bf2 Rdd2 0-1

[Event "AUT-chT2S 9394"]
[Site "Austria"]
[Date "1994.??.??"]
[Round "?"]
[White "Stranegger, Engelbert"]
[Black "Weiss, Leo"]
[Result "1/2-1/2"]
[WhiteElo "2120"]
[BlackElo "2190"]
[PlyCount "120"]
[EventDate "1993.??.??"]
[EventType "team"]
[EventRounds "11"]
[EventCountry "AUT"]
[SourceTitle "EXT 1998"]
[Source "ChessBase"]
[SourceDate "1997.11.17"]
[SourceVersion "1"]
[SourceVersionDate "1997.11.17"]
[SourceQuality "1"]

1. e4 d6 2. d4 Nf6 3. f3 g6 4. Be3 Bg7 5. Bd3 e5 6. d5 Nh5 7. Ne2 0-0 8. Nbc3 f5 9. Qd2 a5 10. 0-0-0 Na6 11. exf5 gxf5 12. Bh6 Nc5 13. Bxg7 Kxg7 14. Bxf5 Rxf5 15. g4 Rxf3 16. gxh5 Qf6 17. Rhg1+ Kh8 18. Qg5 Qxg5+ 19. Rxg5 h6 20. Rg2 Bh3 21. Rg3 Rxg3 22. Nxg3 Rf8 23. Rd2 Kg7 24. a3 a4 25. Nb5 Rf7 26. Nc3 Kf8 27. Nd1 Rf4 28. Nf2 Bd7 29. Kb1 Ke7 30. Ka2 c6 31. dxc6 Be6+ 32. Kb1 bxc6 33. Re2 d5 34. Nd3 Nxd3 35. cxd3 Kd6 36. Kc2 Rf3 37. Kd2 Bg4 38. Rg2 Bh3 39. Re2 Bc8 40. Re1 Ba6 41. Re3 Rf2+ 42. Ke1 Rxh2 43. Nf5+ Kc5 44. Rxe5 Bxd3 45. Nxh6 Kd4 46. Rg5 Re2+ 47. Kd1 Rxb2 48. Ng4 Kc3 49. Ke1 Re2+ 50. Kd1 Rg2 51. Ke1 Be2 52. Rg6 Rxg4 53. Kxe2 Re4+ 54. Kf2 c5 55. Rg3+ Kc4 56. Rh3 d4 57. h6 Re8 58. h7 Rh8 59. Ke2 Kd5 60. Rh5+ Kc4 1/2-1/2

[Event "AUT-chT2S 9293"]
[Site "Austria"]
[Date "1993.??.??"]
[Round "?"]
[White "Supancic, Darko"]
[Black "Weiss, Leo"]
[Result "1-0"]
[WhiteElo "2375"]
[BlackElo "2285"]
[PlyCount "47"]
[EventDate "1992.??.??"]
[EventType "team"]
[EventRounds "11"]
[EventCountry "AUT"]
[SourceTitle "EXT 1998"]
[Source "ChessBase"]
[SourceDate "1997.11.17"]
[SourceVersion "1"]
[SourceVersionDate "1997.11.17"]
[SourceQuality "1"]

1. c4 Nf6 2. Nc3 g6 3. g3 Bg7 4. Bg2 0-0 5. e3 e5 6. Nge2 Nc6 7. a3 Re8 8. d3 d6 9. 0-0 Be6 10. Nd5 Qd7 11. Nec3 Nd8 12. f4 Nxd5 13. cxd5 Bg4 14. Qc2 exf4 15. gxf4 c6 16. Qf2 Rc8 17. Bd2 Kh8 18. Rac1 cxd5 19. d4 Nc6 20. b4 Ne7 21. Nxd5 Nxd5 22. Bxd5 Bxd4 23. exd4 Re2 24. Qh4 1-0

[Event "AUT-chT2S 9293"]
[Site "Austria"]
[Date "1993.??.??"]
[Round "?"]
[White "Weiss, Leo"]
[Black "Kaspret, Guido"]
[Result "1-0"]
[WhiteElo "2285"]
[BlackElo "2305"]
[PlyCount "107"]
[EventDate "1992.??.??"]
[EventType "team"]
[EventRounds "11"]
[EventCountry "AUT"]
[SourceTitle "EXT 1998"]
[Source "ChessBase"]
[SourceDate "1997.11.17"]
[SourceVersion "1"]
[SourceVersionDate "1997.11.17"]
[SourceQuality "1"]

1. d4 Nf6 2. c4 e6 3. Nf3 b6 4. g3 Ba6 5. b3 Bb4+ 6. Bd2 Be7 7. Nc3 c6 8. Bg2 d5 9. cxd5 cxd5 10. 0-0 0-0 11. Ne5 Nfd7 12. Nxd7 Qxd7 13. Bf4 Nc6 14. Qd2 Rac8 15. a3 Bf6 16. Be3 Na5 17. Qb2 Rc6 18. Rfc1 Rfc8 19. Bf3 Bc4 20. bxc4 Nxc4 21. Qb3 Na5 22. Qa4 Qe7 23. Na2 Rc4 24. Rxc4 Nxc4 25. Rc1 a5 26. Qb3 b5 27. Rc3 Qd7 28. Rc2 g6 29. Nc3 Nxe3 30. fxe3 Qc6 31. Rc1 Qb6 32. Kg2 Rc4 33. Rf1 Qc6 34. Nxb5 Be7 35. a4 Rb4 36. Qa3 Bf8 37. Rc1 Rc4 38. Rxc4 Qxc4 39. Qa1 h5 40. h4 Kh7 41. Qd1 f5 42. Qa1 Bb4 43. Qb2 Qc6 44. Kh2 Kg8 45. Bg2 Kh7 46. Qb1 Bd2 47. Qd3 Bb4 48. Qd1 Be7 49. Qe1 Bb4 50. Qf1 g5 51. hxg5 Qc2 52. Qf4 Qxa4 53. Qc7+ Kg6 54. Qd8 1-0